| 000 | 00570nam a2200169 a 4500 | ||
|---|---|---|---|
| 008 | 120207s2008 ||||||||||||||||| || u | ||
| 020 | _a9780750666916 | ||
| 050 | _aTS 227 Tim | ||
| 100 | _aTimings, Roger | ||
| 245 | 1 | 0 | _aFabrication and welding engineering |
| 260 |
_aOxford: _bElsevier _c2008 |
||
| 300 | _axxix, 565p.: ill. | ||
| 350 | _a0.00 | ||
| 650 | _aWELDING | ||
| 650 | _aENGINEERING | ||
| 995 |
_D0.00 _FCBU-MAIN LIBRARY (Kitwe) _H1 _I0.00 _M1 _UAVAILABLE _WMar 28, 2012 _ZMain Library Open Access Collection |
||
| 999 |
_c43051 _d43051 |
||